Statistics for Every SuperBowl 2000-2020

Click here to take the quiz!

General Stats

  • This quiz has been taken 24 times
  • The average score is 16 of 21

Answer Stats

YearScoreWinnerRunner-Up% Correct
202031-20Chiefs49ers
95%
201734-28PatriotsFalcons
90%
201913-3PatriotsRams
90%
201528-24PatriotsSeahawks
90%
201841-33EaglesPatriots
85%
200817-14GiantsPatriots
85%
201221-17GiantsPatriots
85%
201334-31Ravens49ers
80%
201443-8SeahawksBroncos
75%
200134-7RavensGiants
75%
201624-10BroncosPanthers
75%
200220-17PatriotsRams
75%
200729-17ColtsBears
70%
200927-23SteelersCardinals
70%
201031-17SaintsColts
70%
201131-25PackersSteelers
70%
200524-21PatriotsEagles
65%
200432-29PatriotsPanthers
65%
200023-16RamsTitans
65%
200348-21BuccaneersRaiders
60%
200621-10SteelersSeahawks
55%

Score Distribution

Percentile by Number Answered

Percent of People with Each Score

Your Score History

You have not taken this quiz